000 00539nam a2200193Ia 4500
005 20250326141508.0
008 250326s9999 xx 000 0 und d
020 _a1-55542-236-5
037 _aTextbook
040 _aFMSL
_beng
_cFMSL
041 _aeng
_2eng
084 _aX:8 N0
_qFMSL
100 _aSrivastva S
_9127130
245 0 _aAppreciative management and leadership
_cSrivastva S
260 _aSan-Francise
_bSan-Francise, Jossey-Bass
_c1990
300 _a475p
942 _cTB
_hX:8 N0
999 _c1290567
_d1290567